Pozdrav v obchodných centrách

Čo je dôležité pri vstupe do predajne pre zákazníka a čo pre predavača? Privítajte zákazníka očami. Pozdraviť je základ. Pri odchode poďakujte. Zákazník nemusí nakúpiť hneď. Ako funguje trhová ekonomika?

Salvato in:
Dettagli Bibliografici
Natura: Capitolo di libro
Lingua:slovacco
Soggetti:
Tags: Aggiungi Tag
Nessun Tag, puoi essere il primo ad aggiungerne!!

MARC

LEADER 00000naa a2200000 4500
001 r046630
005 20231004094149.2
041 0 |a slo 
044 |a SK 
245 1 0 |a Pozdrav v obchodných centrách 
520 |a Čo je dôležité pri vstupe do predajne pre zákazníka a čo pre predavača? Privítajte zákazníka očami. Pozdraviť je základ. Pri odchode poďakujte. Zákazník nemusí nakúpiť hneď. Ako funguje trhová ekonomika? 
610 2 0 |a komunikácia 
610 2 0 |a komunikácia marketingová 
610 2 0 |a obchod 
610 2 0 |a obchodníci 
610 2 0 |a zákazníci 
610 2 0 |a psychológia predaja